Historia eclesiástica
Sábháilte in:
| Príomhchruthaitheoir: | |
|---|---|
| Formáid: | LEABHAR |
| Teanga: | Spáinnis |
| Foilsithe / Cruthaithe: |
Madrid
BAC
1973
|
| Sraith: | Biblioteca de Autores Cristianos
|
| Ábhair: | |
| Clibeanna: |
Cuir clib leis
Níl clibeanna ann, Bí ar an gcéad duine le clib a chur leis an taifead seo!
|
MARC
| LEADER | 00000nam a2200000 a 4500 | ||
|---|---|---|---|
| 001 | UCZ5382 | ||
| 003 | CL-VaPUC | ||
| 008 | 951117e19730000SP |||||||||||||||||spa|d | ||
| 082 | 0 | 4 | |a 270 |b CES |2 21 |
| 100 | |a Eusebio de Cesarea |e author |9 547511 | ||
| 245 | 1 | 0 | |a Historia eclesiástica |
| 300 | |a v | ||
| 942 | |c BK | ||
| 945 | |d 19951117 00:00:00 |a lriquelm | ||
| 260 | |a Madrid |b BAC |c 1973 | ||
| 650 | 0 | |a Iglesia |9 255004 | |
| 650 | 0 | |a Historia |9 255047 | |
| 650 | 0 | |a Religión |9 255164 | |
| 650 | 7 | |a DOCTRINAS RELIGIOSAS |2 CL-VaPUC |9 337177 | |
| 650 | 0 | |a Teología |9 258766 | |
| 650 | 0 | |a Textos sagrados |9 257605 | |
| 583 | |a last modification |c 19951117 00:00:00 |k Rodrigo Vera | ||
| 490 | 0 | |a Biblioteca de Autores Cristianos | |
| 999 | |c 241700 |d 241698 | ||
| 952 | |0 0 |1 0 |4 0 |6 270_000000000000000_CES_1973 |7 0 |8 P |9 254112 |a BIBEDU |b BIBEDU |c BIBEDU_PB |d 2019-11-19 |h v.1 |i 1575171 |l 1 |o 270 CES 1973 |p 1575171 |r 2025-05-09 |s 2025-05-06 |w 2019-11-19 |y BK |k FIL | ||
| 952 | |0 0 |1 0 |4 0 |6 270_000000000000000_CES_1973 |7 0 |8 P |9 254113 |a BIBEDU |b BIBEDU |c BIBEDU_PB |d 2019-11-19 |h v.2 |i 157518K |o 270 CES 1973 |p 157518K |r 2024-01-25 |w 2019-11-19 |y BK |k FIL | ||
| 952 | |0 0 |1 0 |4 0 |6 270_000000000000000_CES_1973 |7 0 |8 A |9 254114 |a BIBTEO |b BIBTEO |d 2019-11-19 |h v.1 |i 2085380 |o 270 CES 1973 |p 2085380 |r 2025-01-17 |w 2019-11-19 |y BK |k ICR | ||
| 952 | |0 0 |1 0 |4 0 |6 270_000000000000000_CES_1973 |7 0 |8 A |9 254115 |a BIBTEO |b BIBTEO |d 2019-11-19 |h v.1 |i 2085399 |o 270 CES 1973 |p 2085399 |r 2025-01-17 |w 2019-11-19 |y BK |k ICR | ||
| 952 | |0 0 |1 0 |4 0 |6 270_000000000000000_CES_1973 |7 0 |8 A |9 254116 |a BIBTEO |b BIBTEO |d 2019-11-19 |h v.1 |i 2085402 |l 1 |o 270 CES 1973 |p 2085402 |r 2025-01-17 |s 2024-03-19 |w 2019-11-19 |y BK |k ICR | ||
| 952 | |0 0 |1 0 |4 0 |6 270_000000000000000_CES_1973 |7 0 |8 A |9 254117 |a BIBTEO |b BIBTEO |d 2019-11-19 |h v.2 |i 2085410 |o 270 CES 1973 |p 2085410 |r 2025-01-17 |w 2019-11-19 |y BK |k ICR | ||
| 952 | |0 0 |1 0 |4 0 |6 270_000000000000000_CES_1973 |7 0 |8 A |9 254118 |a BIBTEO |b BIBTEO |d 2019-11-19 |h v.2 |i 2085429 |l 1 |o 270 CES 1973 |p 2085429 |r 2025-01-17 |s 2024-03-19 |w 2019-11-19 |y BK |k ICR | ||
| 952 | |0 0 |1 0 |4 0 |6 270_000000000000000_CES_1973 |7 0 |8 A |9 254119 |a BIBTEO |b BIBTEO |d 2019-11-19 |h v.2 |i 2085437 |o 270 CES 1973 |p 2085437 |r 2025-01-17 |w 2019-11-19 |y BK |k ICR | ||
| 952 | |0 0 |1 0 |4 0 |6 270_000000000000000_CES_1973 |7 0 |8 A |9 254120 |a BIBTEO |b BIBTEO |d 2019-11-19 |h v.2 |i 2085445 |o 270 CES 1973 |p 2085445 |r 2025-01-17 |w 2019-11-19 |y BK |k ICR | ||
| 952 | |0 0 |1 0 |4 0 |6 270_000000000000000_CES_1973 |7 0 |8 A |9 254121 |a BIBTEO |b BIBTEO |d 2019-11-19 |h v.1 |i 2100258 |o 270 CES 1973 |p 2100258 |r 2025-01-17 |w 2019-11-19 |y BK |k ICR | ||